Communes de la Province de Namur - Carte Quiz - Statistiques

Statistiques générales
  • Ce quiz a été pris 192 fois
  • Le résultat moyen est 16 sur 38
Réponses sur la Carte
Les réponses sont colorées sur une échelle allant du rouge au vert en fonction du pourcentage des utilisateurs qui les ont devinées à leur premier essai. Vous pouvez retrouver ces pourcentages ci-dessous.
 
Statistiques - réponses
Réponse % Correct
Namur
79%
Andenne
61%
Couvin
61%
Gembloux
58%
Philippeville
52%
Beauraing
48%
Eghezée
48%
La Bruyère
48%
Gedinne
47%
Rochefort
47%
Vresse-sur-Semois
47%
Ciney
45%
Dinant
45%
Walcourt
45%
Jemeppe-sur-Sambre
44%
Profondeville
44%
Cerfontaine
42%
Floreffe
42%
Viroinval
42%
Ohey
41%
Gesves
39%
Havelange
39%
Mettet
39%
Sombreffe
39%
Somme-Leuze
39%
Yvoir
39%
Doische
38%
Florennes
38%
Sambreville
38%
Bièvre
36%
Fernelmont
36%
Fosses-la-ville
36%
Hastière
36%
Anhée
32%
Houyet
32%
Assesse
30%
Hamois
27%
Onhaye
27%
Aucun quiz correspondant
Distribution des résultats
% des personnes avec chaque résultat
Percentile par nombre de réponses
Votre historique - résultats
Vous n’avez pas pris ce quiz